1932 1643 1914 1055 1545 1637 1782 1833 1659 1137 1682 1269 1584 1760 1669 1505 1760 1406 1948 1896 1821 1497 1826 1622 1475 1809 1640 1117 1597 1028 1523 1866 1681 1955 1733 1120 1383 1155 1947 1693 1536 1578 1580 1400 1573 1442 1963 1377 1580 1271 1183 1866 1008 1775 1799 1376 1971 1511 1650 1727 1340 1318 1478 1946 1027 1370 1607 1777 1258 1570 1019 1391 1902 1540 1813 1775 1437 1455 1789 1972 1617 1026 1578 1840 1355 1893 1356 1365 1185 1810 1172 1151 1677 1523 1007 1281 1837 1849 1111 BCNSPRNW ULIB Ver.6.0+V

เปลี่ยนเป็นภาษาไทย

Change to English
 แสดงรายละเอียดบรรณานุกรม
  กลับหน้าหลัก

Brief Record : Get Marc (ISO 2709) : E-mail record : QR code < ปิดหน้าต่าง
LEADER : 00000nam 2200000uu 4500
001    13399128676
003     ULIB
008    230928s||||||||th 000 0 tha d
020    ^a8856652048387
060    ^aWS440^bป541น
100    ^aป้านกใหญ่
245    ^aนิทานเสริมสร้างสุขอนามัยในการแปรงฟันของเด็ก ๆ 2 ภาษาไทย-อังกฤษ ฟ.ฟันของเรา : Our Teeth
250    ^aพิมพ์ครั้งที่ 1
260    ^aกรุงเทพฯ :^bบริษัท วรรณาพับลิชชิ่ง จำกัด,^cม.ป.ป.
300    ^a24 หน้า;^c19 ซม.
650    ^aนิทานเด็ก
945    ^p50^l0^i30048
999    ^aกัณชพร จุลอักษร
รายการนี้ยังไม่มีแท็ก
คุณยังไม่ได้ล็อกอิน คุณสามารถมีกิจกรรมร่วมกับเว็บไซต์ได้ แต่ต้องล็อกอินก่อน ::
  ล็อกอิน

รายการสื่อสารสนเทศ

ลำดับที่ ประเภท เลขเรียก/บาร์โค้ด สถานที่ สถานะ
1. วิทยาศาสตร์การแพทย์ และสุขภาพ
วิทยาศาสตร์การแพทย์ และสุขภาพ
WS440 ป541น ฉ.1 
  Barcode: 30048
ห้องสมุดวิทยาเขตนครสวรรค์
►หนังสือทั่วไป:l:General Books
บนชั้น

รายการใกล้เคียง
    ชื่อเรื่อง [นิทานเสริมสร้างสุขอนามัยในการแปรงฟันของเด็ก ๆ 2 ภาษาไทย-อังกฤษ ฟ.ฟันของเรา : Our Teeth]

    ผู้แต่ง [ป้านกใหญ่]

    หัวเรื่อง [นิทานเด็ก]

BibComment


ยังไม่เคยถูกคอมเมนท์

คอมเมนท์ทรัพยากรรายการนี้
  คอมเมนท์: นิทานเสริมสร้างส..


 Copyright 2026. Bcnsprnw @Library